Historia eclesiastica y seglar de la muy noble y muy leal ciudad de Guadalaxara... (Record no. 5247)

MARC details
000 -LEADER
campo de control de longitud fija 00863npm a2200241 i 4500
001 - NÚMERO DE CONTROL
campo de control 5247
003 - IDENTIFICADOR DE NÚMERO DE CONTROL
campo de control ES-MaACL
005 - FECHA Y HORA DE LA ÚLTIMA TRANSACCIÓN
campo de control 20230909114540.0
007 - CAMPO FIJO DE DESCRIPCIÓN FÍSICA--INFORMACIÓN GENERAL
campo de control de longitud fija hzrazu bucu
008 - DATOS DE LONGITUD FIJA--INFORMACIÓN GENERAL
campo de control de longitud fija 900426r19901653sp a 00010 spa d
080 ## - NÚMERO DE LA CLASIFICACIÓN DECIMAL UNIVERSAL
Número de la Clasificación Decimal Universal 9(464.5)"--/1653"
080 ## - NÚMERO DE LA CLASIFICACIÓN DECIMAL UNIVERSAL
Número de la Clasificación Decimal Universal 92(464.5)"--/1653"
080 ## - NÚMERO DE LA CLASIFICACIÓN DECIMAL UNIVERSAL
Número de la Clasificación Decimal Universal 27(464.5)"--/1653"
100 1# - ENTRADA PRINCIPAL--NOMBRE DE PERSONA
Nombre de persona Núñez de Castro, Alonso.
9 (RLIN) 86183
245 10 - MENCIÓN DEL TÍTULO
Título Historia eclesiastica y seglar de la muy noble y muy leal ciudad de Guadalaxara...
Resto del título : [Microforma] /
Mención de responsabilidad, etc. por Alonso Nuñez de Castro.
260 ## - PUBLICACIÓN, DISTRIBUCIÓN, ETC.
Lugar de publicación, distribución, etc. Madrid :
Nombre del editor, distribuidor, etc. Ateneo Cientifico, Literario y Artistico,
Fecha de publicación, distribución, etc. 1990.
300 ## - DESCRIPCIÓN FÍSICA
Extensión 1 carrete de microfilme :
Otras características físicas negativo ;
Dimensiones 16 mm.
500 ## - NOTA GENERAL
Nota general Publicado originalmente: Madrid, Pablo de Val, 1653.
650 14 - PUNTO DE ACCESO ADICIONAL DE MATERIA--TÉRMINO DE MATERIA
Término de materia o nombre geográfico como elemento de entrada Obras anteriores a 1800.
9 (RLIN) 15661
852 ## - LOCALIZACIÓN
Ubicación ES-MaACL
Número de control de estantería MC-381
itemnumber 5364
942 ## - ELEMENTOS DE ENTRADA SECUNDARIOS (KOHA)
Fuente del sistema de clasificación o colocación Clasificación decimal universal
Tipo de ítem Koha Microforma
Holdings
Estatus retirado Estado de pérdida Fuente del sistema de clasificación o colocación Estado de daño No para préstamo Colección Biblioteca de origen Biblioteca actual Ubicación en estantería Fecha de adquisición Total de préstamos Signatura topográfica completa Código de barras Visto por última vez Precio de reemplazo Tipo de ítem Koha
    Clasificación decimal universal     Libros del s. XVII Biblioteca del Ateneo de Madrid Biblioteca del Ateneo de Madrid Depósito 1 17/01/2008   MC-381 1005310 23/02/2023 23/02/2023 Microforma